Plastic and reconstructive surgery / (رقم التسجيلة. 24156)
[ عرض عادي ]
| 000 -الفاتح | |
|---|---|
| حقل البيانات ثابتة الطول | 01339cam a22003017a 4500 |
| 001 - رقم الضبط | |
| رقم الضبط | 15741374 |
| 003 - محدد رقم الضبط | |
| رقم الضبط | OSt |
| 005 - وقت وتاريخ اخر تعامل مع التسجيلة | |
| رقم الضبط | 20150408114045.0 |
| 008 - عناصر البيانات ثابتة الطول - معلومات عامة | |
| حقل البيانات ثابتة الطول | 120623s2010 ne a b 001 0 eng |
| 020 ## - الرقم الدولى المعيارى للكتب | |
| الرقم الدولى المعيارى للكتاب | 9781848825123 (alk. paper) |
| 020 ## - الرقم الدولى المعيارى للكتب | |
| الرقم الدولى المعيارى للكتاب | 1848825129 (alk. paper) |
| 020 ## - الرقم الدولى المعيارى للكتب | |
| الرقم الدولى المعيارى للكتاب | 9781848825130 (eISBN) |
| 020 ## - الرقم الدولى المعيارى للكتب | |
| الرقم الدولى المعيارى للكتاب | 1848825137 (eISBN) |
| 040 ## - مصدر الفهرسة | |
| وكالة النسخ | MU |
| 082 04 - رقم تصنيف ديوى العشرى | |
| رقم التصنيف | 617.95 P L R |
| رقم الطبعة | 22 |
| 245 00 - بيان العنوان | |
| العنوان | Plastic and reconstructive surgery / |
| بيان المسئوليه,etc | Maria Z. Siemionow and Marita Eisenmann-Klein (eds.). |
| 260 ## - PUBLICATION, DISTRIBUTION, ETC. (IMPRINT) | |
| مكان الناشر او الموزع | Dordrecht ; |
| -- | New York : |
| اسم الناشر او الموزع | Springer, |
| تاريخ النشر أو التوزيع | c2010. |
| 300 ## - الوصف المادى | |
| التعداد | xvii, 775 p. : |
| تفاصيل ماديه اخرى للوعاء | ill. (chiefly col.) ; |
| أبعاد الوعاء | 27 cm. |
| 490 0# - بيان السلسلة | |
| عنوان السلسلة | Springer specialist surgery series |
| 650 #4 - المدخل الاضافى بالموضوع-مصطلح موضوعى | |
| مصطلح موضوعي أو اسم جغرافي كعنصر مدخل | Surgery, Plastic. |
| 9 (RLIN) | 15860 |
| 700 1# - المدخل الاضافى - اسم شخصى | |
| الإسم الشخصى | Siemionow, Maria Z. |
| 9 (RLIN) | 15861 |
| 700 1# - المدخل الاضافى - اسم شخصى | |
| الإسم الشخصى | Eisenmann-Klein, M. |
| الشكل الأكمل للاسم | (Marita) |
| 9 (RLIN) | 15862 |
| 856 41 - الوصول و الموقع الالكترونى | |
| مواد محددة | Table of contents |
| معرف المصدر الموحد | <a href="http://bvbr.bib-bvb.de:8991/F?func=service&doc_library=BVB01&doc_number=018014283&line_number=0001&func_code=DB_RECORDS&service_type=MEDIA">http://bvbr.bib-bvb.de:8991/F?func=service&doc_library=BVB01&doc_number=018014283&line_number=0001&func_code=DB_RECORDS&service_type=MEDIA</a> |
| 856 4# - الوصول و الموقع الالكترونى | |
| معرف المصدر الموحد | <a href="http://bvbr.bib-bvb.de:8991/F?func=service&doc_library=BVB01&doc_number=018014283&line_number=0002&func_code=DB_RECORDS&service_type=MEDIA">http://bvbr.bib-bvb.de:8991/F?func=service&doc_library=BVB01&doc_number=018014283&line_number=0002&func_code=DB_RECORDS&service_type=MEDIA</a> |
| تبصرة عامة | Klappentext |
| 906 ## - عنصر بيانات محلى F, LDF (RLIN) | |
| a | 7 |
| b | cbc |
| c | copycat |
| d | 2 |
| e | ncip |
| f | 20 |
| g | y-gencatlg |
| 942 ## - عناصر المدخل الإضافي( كوها) | |
| مصدر التصنيف او مخطط الترفيف | Dewey Decimal Classification |
| Koha [default] item type | DVD |
| حالة الفقد | نموذج السعر الفعال | حالة تلف | ليس للاعارة | رقم الطلب | رقم النسخة | تاريخ الاكتساب | الموقع الحالي | الباركود | الفرع الرئيسي | Date last seen | نوع المادة فى نظام كوها | مصدر التصنيف او خطة الترفيف | Total Checkouts |
|---|---|---|---|---|---|---|---|---|---|---|---|---|---|
| 2013-03-10 | 617.95 P L R | C.1 | 2012-06-23 | المكتبة المركزية بالمجمعة (CL) | 00109912 | المكتبة المركزية بالمجمعة (CL) | 2013-03-10 | كتاب | Dewey Decimal Classification | ||||
| 2013-03-10 | 617.95 P L R | C.2 | 2012-06-23 | المكتبة المركزية بالمجمعة (CL) | 00109913 | المكتبة المركزية بالمجمعة (CL) | 2013-03-10 | كتاب | Dewey Decimal Classification | ||||
| 2013-03-10 | 617.95 P L R | C.3 | 2012-06-23 | المكتبة المركزية بالمجمعة (CL) | 00109914 | المكتبة المركزية بالمجمعة (CL) | 2013-03-10 | كتاب | Dewey Decimal Classification |
